000 00872cam a2200241 4500
001 WB3705-22
008 000000n2001 000 0 eng u
035 _a(Sirsi) u110725
245 _aInvestors click for bricks
260 _c2001
490 _aRetail Week
_v26 January 2001, 22(1)
520 _aThe first dedicated online retail property listing has been launched. ShopProperty.co.uk has been set up by agent Churston Heard, the backer of PrimePitch.com. Over 400 prime shops have already been listed on the service. Users can search by location, retailer or tenure.
590 _aWB
650 _aRETAIL PROPERTY
650 _aPROPERTY LISTINGS
650 _aE-COMMERCE
650 _aINTERNET TRADING
650 _aPRIME SHOPS
650 _aMARKETING
650 _aPROPERTY TRANSACTIONS
690 _aINFORMATION TECHNOLOGY-INTERNET
942 _n0
999 _c65993
_d65993